Jane Austen (Record no. 32525)

000 -Guida (Record label)
Guida (Record label) 00712nam 22002173 4500
001 - Identificatore del record
Identificatore del record 32525
005 - Identificatore di versione
Identificatore di versione 20260415075842.0
010 ## - International Standard Book Number (ISBN)
Numero (ISBN) 9783458178309
100 ## - Dati di elaborazione
Dati di elaborazione 20260415d c||y0itay50 ba
101 ## - Lingua di pubblicazione
Lingua del testo, traccia sonora, etc. tedesco
102 ## - Paese di pubblicazione o di produzione
Paese di pubblicazione Germania
200 ## - Titolo e formulazione responsabilità
Titolo proprio Jane Austen
Prima formulazione di responsabilità María Isabel Sánchez Vegara
Altre formulazioni di responsabilità aus dem Spanischen von Svenja Becker
-- illustriert von Katie Wilson
210 ## - Area relativa al materiale specifico: pubblicazione, distribuzione etc.
Luogo di pubblicazione, distribuzione, etc. Berlin
Nome dell'editore, distributore, etc. Insel
Data di pubblicazione, distribuzione, etc. 2019
215 ## - Descrizione fisica
Indicazione specifica del materiale ed estensione del documento 1 volume (senza paginazione)
Altre particolarità fisiche ill.
Dimensioni 25 cm
300 ## - Note generali
Testo di nota Fascia d'età: 5-10
300 ## - Note generali
Testo di nota Fa parte della collana Little people, big dreams
500 ## - Titolo uniforme
Titolo uniforme Pequeña y grande Jane Austen
Codice 26266
610 ## - Termini di soggetto non controllati
Termine di soggetto Narrativa tedesca per bambini
700 ## - Autore personale - responsabilità principale
Elemento principale Sánchez Vegara
Ulteriore elemento del nome María Isabel
Codice interno Koha 26267
090 ## - id koha
valore id 32525
942 ## - Informazioni aggiuntive
Koha item type Libro
Holdings
Ritiro della copia Copia smarrita Data di inventario Bib. proprietaria della copia Bib. che possiede o presta (holding branch) Codice a barre Inventario Collocazione Tipo di circolazione (non a prestito) Tipo della copia e materiale
Non ritirata Non persa 2026-04-15 Scaffale Circolante Scaffale Circolante 11091 SC-11091 R TD SAN   Libro

Powered by Koha